000 01442namaa22003371i 4500
005 20260427121542.0
008 260427s1994 ua a|||frm||| 000 0 eng d
040 _aEG-GICUC
_beng
_cEG-GICUC
_dEG-GICUC
_erda
041 0 _aeng
_beng
_bara
049 _aDeposit
097 _aPh.D
099 _aCai01.11.28.Ph.D.1994.Mo.D
100 0 _aMona Mamdouh A. Hassan,
_epreparation.
245 1 0 _aDiabetic nephropathy in insulin dependent diabetes mellitus /
_cBy Mona Mamdouh A. Hassan ; Supervised Prof. Dr. Safinaz Maraghy, Prof. Dr. Isis M. Ghaly, Prof. Dr. Nermine Salah, Ass. Prof. Dr. Fatmah El Mogy
246 1 5 _aتاثير الكلي في مرضي السكر المعتمد علي الانسولين
264 0 _c1994.
300 _a201 Leaves
_billustrations
_c30 cm. +
336 _2rda content
_atext
337 _2rdamedia
_aUnmediated
338 _2rdacarrier
_avolume
502 _aThesis (Ph.D)-Cairo University, 1994.
504 _aBibliography: pages 169-201
653 0 _aDiabetic nephropathy
_ainsulin dependent diabetes mellitus
700 0 _aSafinaz Maraghy
_ethesis advisor.
700 0 _aIsis M. Ghaly
_ethesis advisor.
700 0 _aNermine Salah
_ethesis advisor.
700 0 _aFatmah El Mogy
_ethesis advisor.
900 _DDepartment of Pediatrics
_FFaculty of Medicine
_UCairo University
_b1994
_cSafinaz Maraghy
_cIsis M. Ghaly
_cNermine Salah
_cFatmah El Mogy
905 _aNehad
942 _2ddc
_cTH
_e21
_n0
999 _c179761